| Tag |
First Indicator |
Second Indicator |
Subfields |
| LEADER |
00000cam a2200000 a 4500 |
| 001 |
in00001458905 |
| 005 |
20151020171227.0 |
| 008 |
821013m19621964fr a b 000 0drus |
| 010 |
|
|
|a 63038191
|
| 035 |
|
|
|a (OCoLC)08856289
|
| 035 |
|
|
|9 AJC8441AM
|
| 040 |
|
|
|a DLC
|c WAU
|d WAU
|d HUH
|d NYP
|d TXA
|d UtOrBLW
|
| 043 |
|
|
|a e-ur---
|
| 049 |
|
|
|a TXAM
|
| 050 |
0 |
0 |
|a DK265
|b .P34
|
| 100 |
1 |
|
|a Pavlov, V. E.
|
| 245 |
1 |
0 |
|a Markovt︠s︡y v boi︠a︡kh i pokhodakh za Rossii︠u︡ v osvoboditelʹnoĭ voĭne 1917-1920 godov /
|c sostavil V.E. Pavlov.
|
| 264 |
|
1 |
|a Parizh :
|b [publisher not identified],
|c 1962-1964.
|
| 300 |
|
|
|a 2 volumes :
|b illustrations ;
|c 24 cm.
|
| 336 |
|
|
|a text
|b txt
|2 rdacontent
|
| 337 |
|
|
|a unmediated
|b n
|2 rdamedia
|
| 338 |
|
|
|a volume
|b nc
|2 rdacarrier
|
| 504 |
|
|
|a Includes bibliographical references.
|
| 505 |
0 |
|
|a kn. 1. 1917-1918 g.g. Zarozhdenie Dobrovolʹcheskoĭ Armii 1-yĭ i 2-ĭ Kubanskie Pokhody -- kn. 2. 1919-1920 g.g. Nastuplenie na Moskvu. Ostuplenie. Krymskai︠a︡ ėpopei︠a︡. Ukhod za predely Rodiny.
|
| 536 |
|
|
|a From the Estate of George and Mathilda Corcoran by Dr. Joseph R. Corcoran & Irene Sabo Corcoran and Family. September 1998.
|
| 600 |
1 |
0 |
|a Markov, Sergeĭ Leonidovich,
|d 1878-1918.
|
| 610 |
1 |
0 |
|a Russia.
|b Armii︠a︡.
|b Markovskai︠a︡ artilleriĭskai︠a︡ brigada.
|
| 651 |
|
0 |
|a Soviet Union
|x History
|y Revolution, 1917-1921.
|
| 999 |
|
|
|a MARS
|
| 999 |
f |
f |
|s eb54962e-8751-3b2f-a357-35e3c2c393d0
|i d480f8d8-3662-32c0-81da-85413841d276
|t 0
|
| 952 |
f |
f |
|p ric
|a Texas A&M University
|b Rellis Campus
|c Joint Library Facility
|d Remote Storage
|t 0
|e DK265 .P34
|h Library of Congress classification
|i unmediated -- volume
|m A14823838136
|
| 998 |
f |
f |
|a DK265 .P34
|t 0
|l Remote Storage
|